000 00548nam a2200217Ia 4500
003 OSt
005 20221005131302.0
006 a|||||r|||| 00| 0
007 ta
008 221004b |||||||| |||| 00| 0 san d
024 _a64987
037 _cTextual
040 _aCRL
_cCRL
_bsan
041 _2san
_asan
082 _aBxK03:1:1, 15G2.2
100 _aMunisvara Au.
_9639373
245 0 _aSiddhanta sarvabhauma
260 _c1935
942 _hBxK03:1:1, 15G2.2
_cTEXL
_2cc
999 _c1059858
_d1059858